000
00227nam a22000977a 4500
008
170125b xxu||||| |||| 00| 0 eng d
041
_a
eng
080
_a
61
245
_a
FATIGUE IN MULTIPLE SCLEROSIS
_c
KRUPP, L,B
942
_2
udc
_c
BK
999
_c
3679
_d
3679